[Event "Cassis op 1st"]
[Site "Cassis"]
[Date "2022.05.26"]
[Round "1"]
[White "Bouton, Come"]
[Black "Kunin, Vitaly L"]
[Result "0-1"]
[WhiteElo "1846"]
[BlackElo "2539"]
[PlyCount "74"]
[EventDate "2022.05.26"]
[EventType "swiss"]
[EventRounds "7"]
[EventCountry "FRA"]
[SourceTitle "CBM 208 Extra"]
[Source "ChessBase"]
[SourceDate "2022.07.31"]
[SourceVersion "1"]
[SourceVersionDate "2022.07.31"]
[SourceQuality "1"]

1. e4 d6 2. d4 Nf6 3. Nc3 Nbd7 4. Bc4 e5 5. Nf3 Be7 6. Be3 0-0 7. Qe2 c6 8. Bb3 b5 9. a3 a5 10. d5 Bb7 11. dxc6 Bxc6 12. Nd2 b4 13. Nd5 Bxd5 14. exd5 a4 15. Bc4 Nb6 16. Qd3 bxa3 17. Rxa3 Ng4 18. 0-0 f5 19. Rfa1 Nxe3 20. fxe3 e4 21. Qe2 Rc8 22. c3 Kh8 23. Rd1 Bg5 24. Kh1 Bxe3 25. Qxe3 Nxc4 26. Nxc4 Rxc4 27. Rd4 Rxd4 28. Qxd4 Qb8 29. Rxa4 Qxb2 30. h3 h6 31. Kh2 Rf6 32. Ra7 Rg6 33. Qg1 Qxc3 34. g3 Qd2+ 35. Qg2 Qxd5 36. Qf2 Kh7 37. Ra3 Qe5 0-1